[Event "Thessaloniki Vardaris op 6th"]
[Site "Thessaloniki"]
[Date "2020.03.02"]
[Round "7"]
[White "Marin, Mihail"]
[Black "Andreev, Stanislav"]
[Result "1-0"]
[WhiteElo "2502"]
[BlackElo "2144"]
[PlyCount "77"]
[EventDate "2020.02.27"]
[EventType "swiss"]
[EventRounds "7"]
[EventCountry "GRE"]
[SourceTitle "CBM 195 Extra"]
[Source "ChessBase"]
[SourceDate "2020.05.31"]
[SourceVersion "1"]
[SourceVersionDate "2020.05.31"]
[SourceQuality "1"]

1. d4 d5 2. Nf3 Nf6 3. g3 c6 4. Bg2 Bf5 5. c4 e6 6. Nc3 h6 7. Qb3 Qb6 8. c5 Qc7 9. Bf4 Qc8 10. Qa4 Nbd7 11. b4 b5 12. Qb3 a5 13. a4 axb4 14. Qxb4 Ne4 15. Nxe4 dxe4 16. Nd2 Nf6 17. 0-0 Nd5 18. Qb2 Nxf4 19. gxf4 bxa4 20. Nxe4 Bxe4 21. Bxe4 Be7 22. Qb4 e5 23. fxe5 Qg4+ 24. Bg2 0-0 25. e3 Rfb8 26. Qc4 a3 27. Ra2 Rb2 28. h3 Qg6 29. Rxb2 axb2 30. Qb3 Ra1 31. Qxb2 Rxf1+ 32. Kxf1 Qd3+ 33. Kg1 Qd1+ 34. Kh2 Bh4 35. Bxc6 Qf1 36. Bg2 Qe1 37. Be4 f5 38. Qb8+ Kf7 39. e6+ 1-0

[Event "Thessaloniki Vardaris op 6th"]
[Site "Thessaloniki"]
[Date "2020.02.29"]
[Round "3"]
[White "Marin, Mihail"]
[Black "Mitsiou, Georgios"]
[Result "1-0"]
[WhiteElo "2502"]
[BlackElo "1519"]
[PlyCount "71"]
[EventDate "2020.02.27"]
[EventType "swiss"]
[EventRounds "7"]
[EventCountry "GRE"]
[SourceTitle "CBM 195 Extra"]
[Source "ChessBase"]
[SourceDate "2020.05.31"]
[SourceVersion "1"]
[SourceVersionDate "2020.05.31"]
[SourceQuality "1"]

1. d4 Nf6 2. g3 d5 3. Bg2 c6 4. Nf3 g6 5. 0-0 Bg7 6. b3 0-0 7. Bb2 Nbd7 8. c4 Ne4 9. e3 Ndf6 10. Ne5 Nd7 11. Qe2 Nxe5 12. dxe5 Qc7 13. cxd5 cxd5 14. f3 Nc5 15. Rc1 Bxe5 16. Bd4 b6 17. b4 Ba6 18. Qd2 Bxd4 19. exd4 Bc4 20. bxc5 bxc5 21. f4 Rac8 22. Na3 Qd6 23. Nxc4 dxc4 24. Rxc4 Rfd8 25. Rac1 Qb6 26. Qf2 Qa5 27. h4 Rc7 28. Rxc5 Rxc5 29. Rxc5 Qb4 30. d5 Rb8 31. Kh2 Qa3 32. h5 Rb2 33. h6 f6 34. Rc2 Rb8 35. Qe2 Qd6 36. Rc6 1-0

[Event "Thessaloniki Vardaris op 6th"]
[Site "Thessaloniki"]
[Date "2020.02.27"]
[Round "1"]
[White "Marin, Mihail"]
[Black "Giannoulakis, Labros"]
[Result "1/2-1/2"]
[WhiteElo "2502"]
[BlackElo "2266"]
[PlyCount "101"]
[EventDate "2020.02.27"]
[EventType "swiss"]
[EventRounds "7"]
[EventCountry "GRE"]
[SourceTitle "CBM 195 Extra"]
[Source "ChessBase"]
[SourceDate "2020.05.31"]
[SourceVersion "1"]
[SourceVersionDate "2020.05.31"]
[SourceQuality "1"]

1. c4 Nf6 2. g3 g6 3. Bg2 Bg7 4. Nc3 0-0 5. e4 c5 6. Nge2 Nc6 7. 0-0 d6 8. d3 a6 9. h3 Rb8 10. a4 Ne8 11. Be3 Nd4 12. Rb1 Nxe2+ 13. Nxe2 Nc7 14. b4 Ne6 15. Qd2 Bd7 16. b5 axb5 17. axb5 Ra8 18. e5 Bc8 19. exd6 Qxd6 20. Rb3 Rd8 21. f4 Nd4 22. Bxd4 Bxd4+ 23. Nxd4 Qxd4+ 24. Qf2 Qxf2+ 25. Rxf2 Ra1+ 26. Rf1 Rxf1+ 27. Bxf1 b6 28. Ra3 Be6 29. Ra7 Bf5 30. Ra3 h5 31. Kf2 Kg7 32. Kf3 Rd6 33. g4 Bd7 34. Be2 hxg4+ 35. hxg4 g5 36. fxg5 Kg6 37. Ra8 Kxg5 38. Kg3 Kf6 39. Kf4 Rd4+ 40. Ke3 Ke5 41. Rb8 Rd6 42. Rh8 Rg6 43. Rb8 Bxg4 44. Bxg4 Rxg4 45. Rb7 Rg3+ 46. Kd2 f5 47. Rxe7+ Kd4 48. Rd7+ Ke5 49. Re7+ Kd4 50. Rd7+ Ke5 51. Re7+ 1/2-1/2

[Event "Roquetas de Mar op 31st"]
[Site "Roquetas de Mar"]
[Date "2020.01.07"]
[Round "9"]
[White "Marin, Mihail"]
[Black "Shahil, Dey"]
[Result "1/2-1/2"]
[WhiteElo "2496"]
[BlackElo "2148"]
[PlyCount "89"]
[EventDate "2020.01.02"]
[EventType "swiss"]
[EventRounds "9"]
[EventCountry "ESP"]
[SourceTitle "CBM 194 Extra"]
[Source "ChessBase"]
[SourceDate "2020.03.31"]
[SourceVersion "1"]
[SourceVersionDate "2020.03.31"]
[SourceQuality "1"]

1. Nf3 Nf6 2. g3 d5 3. Bg2 c6 4. 0-0 Bg4 5. c4 e6 6. d3 Nbd7 7. cxd5 cxd5 8. Qb3 Qb6 9. Qxb6 axb6 10. Nc3 Bc5 11. Bd2 0-0 12. Rfc1 Rfc8 13. a3 Bxf3 14. Bxf3 Ne5 15. Bg2 Nc6 16. b4 Bd4 17. e3 Bxc3 18. Bxc3 b5 19. e4 d4 20. Bb2 Nd7 21. f4 f6 22. Rc2 Kf7 23. Rac1 Ke7 24. Kf2 Rf8 25. Ke2 Ra6 26. h4 Kd6 27. h5 h6 28. Bf3 Rc8 29. Bg2 Raa8 30. Kd2 e5 31. Bh3 Na7 32. Bg4 Rxc2+ 33. Rxc2 Rc8 34. Bd1 Rxc2+ 35. Bxc2 Nb6 36. Bb3 Na4 37. Bc1 Nc6 38. Ke2 Nc3+ 39. Kf3 Ke7 40. Kg4 Kd6 41. Kf3 Ke7 42. Kg2 Kd6 43. Kf2 Kd7 44. Kf3 Ke7 45. Kg4 1/2-1/2

[Event "Roquetas de Mar op 31st"]
[Site "Roquetas de Mar"]
[Date "2020.01.02"]
[Round "1"]
[White "Marin, Mihail"]
[Black "Bjerre, Tavs"]
[Result "1-0"]
[WhiteElo "2496"]
[BlackElo "2013"]
[PlyCount "43"]
[EventDate "2020.01.02"]
[EventType "swiss"]
[EventRounds "9"]
[EventCountry "ESP"]
[SourceTitle "CBM 194 Extra"]
[Source "ChessBase"]
[SourceDate "2020.03.31"]
[SourceVersion "1"]
[SourceVersionDate "2020.03.31"]
[SourceQuality "1"]

1. c4 g6 2. g3 Bg7 3. Bg2 e5 4. Nc3 Nc6 5. e3 d6 6. Nge2 f5 7. d4 exd4 8. exd4 Nf6 9. d5 Ne5 10. 0-0 0-0 11. b3 Ne4 12. Bb2 Nxc3 13. Bxc3 Nd7 14. Bxg7 Kxg7 15. Nd4 Nc5 16. b4 Ne4 17. Qd3 a5 18. a3 axb4 19. axb4 Rxa1 20. Rxa1 Qf6 21. Re1 Rf7 22. f3 1-0